| 000 | 01010cab a2200217 4500 | ||
|---|---|---|---|
| 001 | ABS36851 | ||
| 008 | 090401t1986 xxu||||| |||| 00| 0 eng d | ||
| 035 | _a(Sirsi) u656 | ||
| 041 | _aeng | ||
| 100 | _aHowarth, W. | ||
| 245 | 4 | _aThe doctrine of accretion : qualifications, ancient and modern | |
| 260 | _c1986 | ||
| 350 | _a0 | ||
| 490 |
_aConveyancer & Property Lawyer _vJuly August 1986, p247-256 (10) |
||
| 520 | _aThe doctrine of accretion is that naturally occuring additions of soil to waterside land become the property of the riparian owner; soil removed by erosion ceases to belong to the riparian owner. Considers the legal position of boundary marks The modern position is that existence, or non-existence, of boundary marks showing original extent of land adjoining water subject to accretion, has no effect upon the acquisition or loss of land due to accretion. | ||
| 650 |
_aBoundary disputes _96221 |
||
| 650 | _aRIPARIAN RIGHTS | ||
| 690 | _aLAND | ||
| 942 | _n0 | ||
| 948 | _c04/03/1997 | ||
| 999 |
_c330 _d330 |
||